Plats et Boissons Fermentés - Mort Subite - Statistiques

Statistiques générales
  • Ce quiz a été pris 129 fois
  • Le résultat moyen est 6 sur 16
Answers on the Grid
Answers color-coded by a green-red scale on the quiz's grid according to % correct below.
Cornichons
Kimchi
Choucroute
Tempeh
Nattō
Salami
Fromage bleu
Surströmming
Kombucha
Kvas
Kéfir
Babeurre / Lait de baratte
Vin
Bière
Saké
Pain au levain
Mesclun
Bouquet garni
Raisins secs
Noix de cajou
Jujubes
Mortadelle
Raifort
Tofu régulier
Lait de chanvre
Sirop d'érable
Mocochinchi
Blåbärssoppa
 
Statistiques - réponses
Réponse % Correct
Bière
61%
Vin
58%
Saké
54%
Fromage bleu
49%
Kéfir
48%
Kimchi
48%
Kombucha
48%
Pain au levain
40%
Choucroute
37%
Cornichons
29%
Surströmming
25%
Nattō
24%
Babeurre / Lait de baratte
22%
Tempeh
12%
Kvas
8%
Salami
5%
Aucun quiz correspondant
Distribution des résultats
% des personnes avec chaque résultat
Percentile par nombre de réponses
Votre historique - résultats
Vous n’avez pas pris ce quiz